00353nmm a22001337a 450000500170000000800410001704100140005808200100007210000240008224500770010626000090018365000150019265000120020720170209141503.0150727b xxu||||| |||| 00| 0 spa d aEspañol aSE 12 aSegura Mena, Roxana aInforme de Práctica Supervisada realizado en el Colegio Angloamericano c2014 aCOSTA RICA aARCHIVO